Т. 4: проза и письма; Полное собрание сочинений

Detalles Bibliográficos
Parent link:Полное собрание сочинений: в 4 т./ М. Ю. Лермонтов; под наблюдением И. Л. Андроникова ; оформление худож. Н. В. Ильина. Т. 4.— , 1953
Outros autores: Андроников И. Л. (автор предисловия)
Summary:На пер. загл. не указано
Была издана в суперобложке
Idioma:ruso
Publicado: 1953
Subjects:
Formato: MixedMaterials Libro
KOHA link:https://koha.lib.tpu.ru/cgi-bin/koha/opac-detail.pl?biblionumber=273017

MARC

LEADER 00000nam2a2200000 4500
001 273017
005 20231101234605.0
035 |a (RuTPU)RU\TPU\book\296226 
035 |a RU\TPU\book\296222 
090 |a 273017 
100 |a 20141023d1953 m y0rusy50 ca 
101 0 |a rus 
102 |a RU 
105 |a ac z 001zy 
200 0 |a Т. 4  |e проза и письма  |f  примеч. И. Л. Андроникова 
210 |d 1953 
215 |a 511 с., [8] вкл. л.  |c ил., портр. 
300 |a На пер. загл. не указано 
300 |a Была издана в суперобложке 
316 |5 63413507: 971912  |a На титульном листе владельческая подпись: "Бутаков" 
317 |5 63413507: 971912  |a Поступила в НТБ в 1970 г. в составе книжного собрания профессора ТПИ И. Н. Бутакова 
320 |a Приложения: с. 365-450 
320 |a Примечания: с. 451-492 
320 |a Перечень иллюстраций: с. 494-496 
320 |a Алфавитный указатель к I-IV томам полного собрания сочинений М. Ю. Лермонтова: с. 497-509 
461 1 |0 (RuTPU)RU\TPU\book\296197  |t Полное собрание сочинений  |o в 4 т.  |f М. Ю. Лермонтов  |g под наблюдением И. Л. Андроникова ; оформление худож. Н. В. Ильина  |v Т. 4  |d 1953  |s Библиотека "Огонёк" 
606 1 |a Русская литература, дореволюционная  |2 stltpush  |3 (RuTPU)RU\TPU\subj\26371  |9 50314 
610 1 |a 19 век 
610 1 |a библиотека И. Н. Бутакова 
610 1 |a дарственная надпись 
675 |a Р1  |v 3 
702 1 |a Андроников  |b И. Л.  |4 080 
801 1 |a RU  |b 63413507  |c 20141023 
801 2 |a RU  |b 63413507  |c 20190925  |g RCR 
942 |c BK